000
00320nam a2200133Ia 4500
005
20251222143109.0
008
251222s9999||||xx |||||||||||||| ||spa||
020
_a
978-84-9838-079-8
082
_a
839.6/B77
100
_a
Boyne, John
245
0
_a
El NiƱo con el Pijama de Rayas
264
_b
Salamandra
942
_c
LIB
999
_c
11110
_d
11110